Progress in polymer science, Japan

Uloženo v:
Podrobná bibliografie
Médium: Kniha
Jazyk:Undetermined
Vydáno: Tokyo Kodansha 1971
Témata:
Tagy: Přidat tag
Žádné tagy, Buďte první, kdo otaguje tento záznam!
Thư viện lưu trữ: Trung tâm Học liệu Trường Đại học Cần Thơ
LEADER 00421nam a2200157Ia 4500
001 CTU_95094
008 210402s9999 xx 000 0 und d
082 |a 547 
082 |b P964/Vol.1 
245 0 |a Progress in polymer science, Japan 
260 |a Tokyo 
260 |b Kodansha 
260 |c 1971 
650 |a Polymers,Polymerization,Polymers 
904 |i Năm 
980 |a Trung tâm Học liệu Trường Đại học Cần Thơ